000 00407nam a2200169 a 4500
001 18915
005 20180713212301.0
008 140415s1944 000 0 spa d
041 _aspa
082 _a833
_bWYS
100 1 _aWYSS, J. R.
245 1 3 _aEL ROBINSON SUIZO
260 _a[s.l.] :
_bESPASA-CALPE,
_c1944
300 _a234
490 _aAUSTRAL
_v437
650 1 4 _aNOVELA SUIZA
999 _c18915
_d18915